00329nam a2200157Ia 4500008004100000082001000041100001700051245001400068250000600082260001300088300000800101600001700109630001400126700001700140730001400157090123s9999 xx 000 0 und d b41377 aPRASAD MOSOB aTAPOVANAM a0 bJANASEVA a296 aPRASAD MOSOB aTAPOVANAM aPRASAD MOSOB aTAPOVANAM